[Event "NOR-chT Club"]
[Site "Drammen"]
[Date "2019.05.30"]
[Round "5"]
[White "Pajdzik, Kamil"]
[Black "Sateren, Erlend"]
[Result "1/2-1/2"]
[WhiteElo "1560"]
[BlackElo "1510"]
[PlyCount "79"]
[EventDate "2019.05.30"]
[EventType "team-swiss"]
[EventRounds "6"]
[EventCountry "NOR"]
[SourceTitle "CBM 190 Extra"]
[Source "ChessBase"]
[SourceDate "2019.07.15"]
[SourceVersion "1"]
[SourceVersionDate "2019.07.15"]
[SourceQuality "1"]
[WhiteTeam "Baerum II"]
[BlackTeam "Nordstrand IV"]
[WhiteTeamCountry "NOR"]
[BlackTeamCountry "NOR"]

1. d4 d5 2. c4 Nf6 3. Nc3 c6 4. cxd5 cxd5 5. Nf3 Bg4 6. Qb3 Bxf3 7. Qxb7 Nbd7 8. exf3 e6 9. Bb5 Rb8 10. Qxa7 Bb4 11. Bxd7+ Nxd7 12. 0-0 Bxc3 13. bxc3 0-0 14. Bf4 Rc8 15. Qa3 Nb6 16. Qd6 Na4 17. Qxd8 Rfxd8 18. Be3 Nxc3 19. a4 Rc4 20. Kh1 Nxa4 21. Rfc1 Rdc8 22. Rxc4 Rxc4 23. Rb1 Rc8 24. g3 g6 25. Rb5 Kg7 26. g4 h6 27. f4 Nc3 28. Rb2 Ne4 29. Rb6 Rc2 30. Kg2 Nd2 31. Kg3 Rc3 32. h4 Nc4 33. Rc6 Rb3 34. Kf3 Nd2+ 35. Ke2 Nc4 36. f5 Nxe3 37. fxe3 Kf6 38. fxe6 fxe6 39. Kf3 Rb1 40. Rc8 1/2-1/2

[Event "Asker Autumn A"]
[Site "Asker"]
[Date "2016.09.05"]
[Round "2"]
[White "Pajdzik, Kamil"]
[Black "Larsen, Odd Ingolf"]
[Result "1-0"]
[WhiteElo "1475"]
[BlackElo "1358"]
[PlyCount "85"]
[EventDate "2016.08.29"]
[EventType "swiss"]
[EventRounds "9"]
[EventCountry "NOR"]
[SourceTitle "EXT 2024"]
[Source "ChessBase"]
[SourceDate "2023.10.10"]
[SourceVersion "1"]
[SourceVersionDate "2023.10.10"]
[SourceQuality "1"]

1. e4 e5 2. Nf3 Nc6 3. Bb5 a6 4. Ba4 Nf6 5. d3 d6 6. h3 h6 7. 0-0 b5 8. Bb3 Na5 9. Re1 Nxb3 10. axb3 Be7 11. Nbd2 0-0 12. Nf1 Nh7 13. d4 Ng5 14. Bxg5 Bxg5 15. dxe5 dxe5 16. Nxe5 Qf6 17. Nd3 Rd8 18. Qe2 Qg6 19. f4 Bh4 20. Ne5 Qb6+ 21. Kh1 Bxe1 22. Rxe1 Bb7 23. Qh5 Qf6 24. Nh2 Rd2 25. g3 Rf8 26. Nhg4 Qb6 27. Nf3 Rxc2 28. f5 Re8 29. f6 Qc5 30. Nxh6+ gxh6 31. Qxh6 Qe7 32. Qg5+ Kh7 33. Qh5+ Kg8 34. Ng5 Bxe4+ 35. Rxe4 Rc1+ 36. Kg2 Rc2+ 37. Kf3 Rf2+ 38. Kxf2 Qc5+ 39. Kf3 Qf5+ 40. Rf4 Qd3+ 41. Kg4 Qe2+ 42. Nf3 Qe6+ 43. Kh4 1-0